000 00515nam a2200205Ia 4500
005 20251120131644.0
008 230125s9999 xx 000 0 und d
020 _a81-7809-044-9
041 _aeng
082 _a158.1
_bSTA
100 _aStaples W
_9214971
245 _aThink like a winner
260 _c2000
_bMagna books pub co.
_aMumbai
300 _a295p
500 _aPersonality Development
650 _aPersonality Development
_9213420
700 _aStaples W
_9214971
906 _b26
942 _cBK
999 _c90855
_d90855